Motorky najprv ostriekali vodou, potom ich vyleštili vlastnými telami Košice a rekreačné stredisko Jahodná hostili účastníkov motorkárskeho zrazu Čermeľský kvet 2008

Podrobná bibliografia
Hlavní autori: Lemešani, Tomáš (Author), Henzély, Leopold (Interviewer)
Médium: Článok
Jazyk:Slovak
Témy:
Zdroj: 1. Košický večer. Korzár 1. Roč. XVIII (40), č. 29 (2008), s. 8-9 1. 1336-5320
LEADER 00976nab#a2200301#ar4500
001 000102321
003 SVKKK
005 20140328085843.0
008 101013c2008 xo |||||||||||||||b|slo
FMT
038 |a SVKKK 
040 |a SVKKK  |b slo  |e AACR2 
041 0 |a slo 
044 |a xo  |c SK 
080 |a 796.72  |2 1997 
080 |2 1997 
100 1 |a Lemešani, Tomáš  |4 ivr  |4 aut 
245 1 0 |a Motorky najprv ostriekali vodou, potom ich vyleštili vlastnými telami  |b Košice a rekreačné stredisko Jahodná hostili účastníkov motorkárskeho zrazu Čermeľský kvet 2008  |c Tomáš Lemešani, Leopold Henzély 
300 |b Fotogr. 
611 2 4 |a Čermeľský kvet 2008  |g motorkársky zraz  |n (2. :  |d júl 2008:  |c Jahodná, Slovensko) 
700 1 |a Henzély, Leopold  |4 ive  |4 aut 
773 0 |t Košický večer. Korzár  |g Roč. XVIII (40), č. 29 (2008), s. 8-9  |x 1336-5320 
957 |a Košice 
974 |a MI 
992 |a RBX 
BAS
852 |a SVKKK  |b BIB 
998 |a REG